000
00299nam a22001337a 4500
005
20250923131815.0
008
250923b |||||||| |||| 00| 0 eng d
050
_a
PQ3919
_b
.2 ENV
100
_a
SERNINE DANIEL
245
_a
LES ENVOUTEMENTS
260
_c
1985
300
_a
109p
942
_2
lcc
_c
BK
_n
0
999
_c
7645
_d
7645